| 000 | 01091nam a2200217Ia 4500 | ||
|---|---|---|---|
| 003 | Ost | ||
| 005 | 20260507075047.0 | ||
| 008 | 260507s9999||||xx |||||||||||||| ||und|| | ||
| 040 | _cfsecg | ||
| 041 | _aara | ||
| 082 | _a330 | ||
| 100 |
_aعبد القادر، محمد صالح _eمؤلف |
||
| 245 | 0 |
_aمحاضرات في النقود والبنوك والنظرية النقدية / _c محمد صالح عبد القادر |
|
| 260 |
_aإربد: _bدار الفرقان للنشر والتوزيع, _c1997 |
||
| 300 |
_a94 صفحة؛ _c24 سم |
||
| 504 | _aببليوغرافيا: ص.93 | ||
| 520 | _aالمقايضة والنقود-تعريف النقود-قيمة النقود ومستوى الأسعار-القواعد النقدية-البنوك التجارية-اعمال البنوك التجارية-تخصص البنوك-البنوك المركزية-النظرية النقدية-النظرية النقدية-طريقة الدخل والإنفاق-التحليل النقدي الحديث | ||
| 653 | _aالبنوك | ||
| 653 | _aالنقود | ||
| 942 | _cكتاب | ||
| 999 |
_c42596 _d42596 |
||